000 00462pab a2200169 454500
008 180718b1967 xxu||||| |||| 00| 0 eng d
100 _aJakhade, V.M.
245 _aAgricultural production credit and institutional arrangements
260 _c1967
300 _ap.540-549.
362 _aJul-Sep
650 _aAgricultural credit
650 _aAgricultural production
773 _aIndian Journal of Public Administration
908 _aN
909 _a100193
999 _c100192
_d100192